| 000 | 00935nam a2200289 i 4500 | ||
|---|---|---|---|
| 001 | 11679 | ||
| 003 | BD-RjUL | ||
| 005 | 20211208235150.0 | ||
| 008 | 140127s1975 maua b 001 0 eng | ||
| 035 | _a(BD-RjUL)11728 | ||
| 040 |
_aDLC _cDLC _dDLC _dBD-RjUL _beng |
||
| 041 | _aeng | ||
| 082 | 0 | 0 |
_a570 _bTHE 1975 |
| 100 | 1 |
_aThurber, Walter A. _926607 |
|
| 245 | 1 | 0 |
_aExploring life science / _cRobert E. Kilburn, Peter S. Howell ; [cover photo., E. O. Kean, title page photo., Josef Muench]. |
| 260 |
_aBoston : _bAllyn and Bacon, _cc1975. |
||
| 300 |
_aviii, 438 p. : _bill. ; _c25 cm. |
||
| 500 | _aPrevious editions by W. A. Thurber and R. E. Kilburn. | ||
| 500 | _aIncludes index. | ||
| 504 | _aBibliography: p. 463-464. | ||
| 650 | 0 |
_aBiology. _936125 |
|
| 650 | 0 |
_aLife Science _9224926 |
|
| 700 | 1 |
_aHowell, Peter S., _9224927 |
|
| 700 | 1 |
_aKilburn, Robert E. _9224928 |
|
| 942 |
_2ddc _cBK |
||
| 999 |
_c11679 _d11679 |
||